000
00314nam a22001337a 4500
020
_q
HB.
040
_c
FIZZA ISHAQ
082
_a
005.1
_b
GER
100
_a
KOTONYA,GERALD.
_9
91161
245
_a
REQUIREMENTS ENGINEERING /
_c
GERALD KOTONYA.
260
_a
NEW YORK ;
_c
2002.
300
_a
282 P. ;
942
_2
ddc
_c
BK
999
_c
589315
_d
589315